| 000 | 00569nam a2200205 a 4500 | ||
|---|---|---|---|
| 001 | 000026523 | ||
| 003 | DO-SdBNP | ||
| 005 | 20220401075216.0 | ||
| 007 | ta | ||
| 008 | 110322s1974 dr 000 0 spa d | ||
| 040 |
_aDO-SdBNP _bspa _cBNPHU |
||
| 049 | _aBNPD | ||
| 082 | 4 | _b22 | |
| 100 | 1 |
_aRosa Burgos, Guillermo _953607 |
|
| 245 | 1 | 0 |
_aFĂsica para estudiantes de secundaria / _cGuillermo Rosa Berges. |
| 260 |
_aSanto Domingo : _bColegial Quisquellana, _c[1974?]. |
||
| 300 |
_a277 p. : _bil. ; _c22 cm. |
||
| 590 | _aInventariado, 2022/BT | ||
| 942 |
_2ddc _cLBS1 |
||
| 999 |
_c26015 _d26015 |
||